Statistics for Famous People Born in Indiana

Click here to take the quiz!

General Stats

  • This quiz has been taken 106 times
  • The average score is 5 of 14

Answer Stats

DescriptionFamous PersonBirth City% Correct
Iconic musician called The King of PopMichael JacksonGary
71%
Current vice presidentMike PenceColumbus
63%
Older of airplane inventing brothersWilbur WrightMillville
61%
Founder and mascot of KFCColonel SandersHenryville
58%
Iconic actor of Rebel Without a Cause and GiantJames DeanMarion
58%
Actor of The Mummy and George of the JungleBrendan FraserIndianapolis
34%
Late Show host from 1993-2015David LettermanIndianapolis
34%
Actress as Diane on CheersShelley LongFort Wayne
26%
Actor of The Great Escape and PavilionSteve McQueenBeech Grove
24%
Actor of As Good as it Gets and RobotsGreg KinnearLogansport
21%
Video blogger and author of The Fault in Our StarsJohn GreenIndianapolis
21%
Cartoonist of GarfieldJim DavisMarion
18%
Actor as Baloo in The Jungle BookPhil HarrisLinton
11%
Author of Clifford the Big Red DogNorman BridwellKokomo
8%

Score Distribution

Percentile by Number Answered

Percent of People with Each Score

Your Score History

You have not taken this quiz